000 00846nam a2200241Ia 4500
003 OSt
005 20220923220846.0
006 a|||||r|||| 00| 0
007 ta
008 220922b |||||||| |||| 00| 0 hin d
024 _a191,444
037 _cTextual
040 _aARTS
_cARTS
_bhin
041 _2hin
_ahin
082 _aV2y7M69(Y:45112), 152L8
100 _aमालगॉवकर, मनोहर
245 0 _aबापू के हत्यारे, अनु मुनीश सक्सेना
246 _aBāpū ke hatyāre, anu0 munīsh saksenā
260 _aदिल्ली
_b राधाकृष्ण प्रकाशन
_c1978
300 _a177पृ.
_ccm.
942 _hV2y7M69(Y:45112), 152L8
_cTEXL
_2CC
999 _c344151
_d344151